Structural, civil, and pipe drafting
Guardat en:
| Autor principal: | |
|---|---|
| Format: | Llibre |
| Idioma: | anglès |
| Publicat: |
Delmar Cengage Learning,
2014
|
| Etiquetes: |
Afegir etiqueta
Sense etiquetes, Sigues el primer a etiquetar aquest registre!
|
MARC
| LEADER | 00000nam a22000007a 4500 | ||
|---|---|---|---|
| 008 | 211216b ||||| |||| 00| 0 eng d | ||
| 020 | |a 978-1-133-94939-8 | ||
| 100 | |a GOETSCH, David L. | ||
| 245 | |a Structural, civil, and pipe drafting |c David L.Goetsch |g xx, 460p.; ill. | ||
| 250 | |b 2nd ed | ||
| 260 | |b Delmar Cengage Learning, |c 2014 |h New York |i 691497 – Tech |i 691498 |l T353 .G29 |m Engineering drawings. |m Structural drawing. |m Mechanical drawing. | ||
| 500 | |a “It includes index”. | ||
| 942 | |a lcc |c BK |e Ifatola, J.O |f 16/12/2021 | ||
| 952 | |0 0 |1 0 |2 lcc |4 0 |6 T0353 G29 |7 0 |9 3976 |a TL |b HOL |c QZ |d 2021-12-16 |l 0 |o T353 .G29 |p 2021-67699 |r 2021-12-16 00:00:00 |t 691497 – Tech |w 2021-12-16 |y BK | ||
| 952 | |0 0 |1 0 |2 lcc |4 0 |6 T0353 G29 |7 0 |9 3977 |a HOL |b HOL |c QZ |d 2021-12-16 |l 0 |o T353 .G29 |p 2021-67700 |r 2021-12-16 00:00:00 |t 691498 |w 2021-12-16 |y BK | ||
| 999 | |c 1996 |d 1996 | ||